Josh Gad (Olaf) Movies! - Statistics

General Stats
  • This quiz has been taken 6 times
  • The average score is 4 of 39
Answer Stats
Hint Answer % Correct
2013 Frozen
100%
2019 Frozen II
100%
2015 Pixels
50%
2016 The Angry Birds Movie
50%
2019 The Angry Birds Movie 2
50%
2017 Beauty and the Beast
25%
2007 Razortooth
25%
2008 21
0%
2019 A Dog's Journey
0%
2017 A Dog's Purpose
0%
2016 Angry Birds: Bachelorette Sneak Peek Media Promotion
0%
2020 Artemis Fowl
0%
2021 Collection
0%
2009 Crossing Over
0%
TBD Frozen III
0%
2021 Ghostbusters: Afterlife
0%
2012 Ice Age: Continental Drift
0%
2013 Jobs
0%
2019 Little Monsters
0%
2010 Love and Other Drugs
0%
2011 Mardi Gras: Spring Break
0%
2010 Marmaduke
0%
2017 Marshall
0%
2002 Mary and Joe
0%
2017 Murder on the Orient Express
0%
2009 No Heroics
0%
2009 Rent Control
0%
2012 She Wants Me
0%
TBD Shrunk
0%
TBD Snow Ponies
0%
2012 Thanks For Sharing
0%
2024 The Hunchback of Notre Dame
0%
2013 The Internship
0%
2009 The Lost Nomads: Get Lost!
0%
2008 The Rocker
0%
2015 The Wedding Ringer
0%
2009 Waiting to Die
0%
2007 Watching the Detectives
0%
2014 Wish I Were Here
0%
No matching quizzes found
Score Distribution
Percent of People with Each Score
Percentile by Number Answered
Your Score History
You have not taken this quiz